| 000 | 00453nab a2200145Ia 4500 | ||
|---|---|---|---|
| 003 | ES-SlBCS | ||
| 005 | 20210601124327.0 | ||
| 008 | 140529s1997 xxu||||| |||| 00| 0 eng d | ||
| 041 | _aeng | ||
| 100 | 1 |
_aConle, Carola _9139827 |
|
| 245 | 0 | 0 |
_aBetween Fact and Fiction: Dialogue within Encounters of Difference _c Carola Conle |
| 650 | 0 | 4 |
_aDiferencia _9135755 |
| 773 | 0 |
_tEducational Theory _gvol. 47, nº. 1, 1997, págs. 181-202 _wRev1399 |
|
| 942 | _cAR | ||
| 999 |
_c513006 _d513006 |
||